Globalization and the millennium development goals: (Record no. 11725)

MARC details
000 -LEADER
fixed length control field 00767 a2200217 4500
010 ## - LIBRARY OF CONGRESS CONTROL NUMBER
LC control number ENG-89965
020 ## - INTERNATIONAL STANDARD BOOK NUMBER
International Standard Book Number 8187358329
Terms of availability 675.00
035 ## - SYSTEM CONTROL NUMBER
System control number EN-73498
037 ## - SOURCE OF ACQUISITION
Source of stock number/acquisition DBAD / VEN
082 14 - DEWEY DECIMAL CLASSIFICATION NUMBER
Classification number 338.9
090 ## - LOCALLY ASSIGNED LC-TYPE CALL NUMBER (OCLC); LOCAL CALL NUMBER (OCLC)
-- 12079
-- 12079
245 1# - TITLE STATEMENT
Title Globalization and the millennium development goals:
Statement of responsibility, etc edited by Manmohan Agarwal and Amit Shovon Ray
Remainder of title negotiating the challenge/
260 ## - PUBLICATION, DISTRIBUTION, ETC. (IMPRINT)
Place of publication, distribution, etc New Delhi
Name of publisher, distributor, etc Social Science Press,
Date of publication, distribution, etc 2007
260 ## - PUBLICATION, DISTRIBUTION, ETC. (IMPRINT)
Place of publication, distribution, etc New Delhi
Name of publisher, distributor, etc Orient Longman
270 ## - ADDRESS
Address 69, Jor bagh
City New Delhi
Postal code 110 063
300 ## - PHYSICAL DESCRIPTION
Extent xix, 260p.
Dimensions 22 cm. (Hb)
700 1# - ADDED ENTRY--PERSONAL NAME
Personal name Agarwal, Manmohan
700 1# - ADDED ENTRY--PERSONAL NAME
Personal name Ray, Amit Shovon
942 ## - ADDED ENTRY ELEMENTS (KOHA)
Institution code [OBSOLETE] dpl
Koha item type English Books
Call number prefix 338.9 / GLO
Holdings
Withdrawn status Lost status Source of classification or shelving scheme Damaged status Not for loan Collection code Home library Current library Source of acquisition Cost, normal purchase price Total Checkouts Full call number Barcode Date last seen Copy number Uniform Resource Identifier Cost, replacement price Price effective from Koha item type
    Dewey Decimal Classification   Not For Loan Non-fiction D.B.Act.Division D.B.Act.Division DBAD/PUB 675.00   338.9 GLO EN-73498 15/09/2008 1 12840 675.00 15/09/2008 English Books

© Delhi Public Library
Hit Counter
free hit counter